logo

Bir Sreshtho Munshi Abdur Rouf Library
Jhenaidah Cadet College

The Breath of life / (Record no. 7320)

MARC details
000 -LEADER
fixed length control field 00651nam a2200253 a 4500
001 - CONTROL NUMBER
JCCL Control Number 7320
003 - CONTROL NUMBER IDENTIFIER
JCCL marc code BD - Jhcc
005 - DATE AND TIME OF LATEST TRANSACTION
control field 20180325123838.0
008 - FIXED-LENGTH DATA ELEMENTS--GENERAL INFORMATION
fixed length control field 180325s1951 enka 000 0 eng d
035 ## - SYSTEM CONTROL NUMBER
system control number (BD-JhCC)7320
040 ## - CATALOGING SOURCE
Original cataloging agency BD-JhCC
Modifying agency BD-JhCC
041 ## - LANGUAGE CODE
Language code of Book eng
050 #0 - LIBRARY OF CONGRESS CALL NUMBER
Classification number LC6519
082 ## - DEWEY DECIMAL CLASSIFICATION NUMBER
Classification number 822.914
DDC Edition number 19
Author mark and Year BRE 1851
245 04 - TITLE STATEMENT
Title The Breath of life /
Statement of responsibility, etc David Monmouth
260 ## - PUBLICATION, DISTRIBUTION, ETC. (IMPRINT)
Place of publication, distribution, etc London :
Name of publisher, distributor, etc George Allen & Unwin Ltd,
Date of publication, distribution, etc 1988
300 ## - PHYSICAL DESCRIPTION
Pagination 206 p. :
Other physical details ill. ;
Dimensions 19 cm
504 ## - BIBLIOGRAPHY, ETC. NOTE
Bibliography, etc Includes bibliographies
650 #0 - SUBJECT ADDED ENTRY--TOPICAL TERM
Topical term or geographic name as entry element Life (Biology)
650 #0 - SUBJECT ADDED ENTRY--TOPICAL TERM
Topical term or geographic name as entry element Natural history
700 ## - ADDED ENTRY--PERSONAL NAME
Personal name Monmouth, David
942 ## - ADDED ENTRY ELEMENTS (KOHA)
Source of classification or shelving scheme Dewey Decimal Classification
Koha item type Books
Holdings
Source of classification or shelving scheme Damaged status Not for loan Home library Current library Shelving location Total Checkouts Full call number Barcode Date last seen Copy number Koha item type
Dewey Decimal Classification     JCC Rouf Library JCC Rouf Library General Stacks   822.914 BRE 1951 9925 02/07/2018 C - 1 Books

JCC Library | Contacts | JCC Home

Last Update on 23 September 2017
Copyright @ 2017-2020 JCC Rouf Library
Rouf Library, Jhenidah Cadet College (JCC), Bangladesh